Statistics for Random Name A Valid Bordering Country by Flag

Click here to take the quiz!

General Stats

  • This quiz has been taken 1,684 times
    (1,184 since last reset)
  • The average score is 13 of 15

Answer Stats

Answer% Correct
Afghanistan | Bhutan | India | Kazakhstan | Kyrgyzstan | Laos | Mongolia | Myanmar | Nepal | North Korea | Pakistan | Russia | Tajikistan | Vietnam
100%
Albania | Bulgaria | Greece | Kosovo | Serbia
100%
Algeria | Libya
100%
Algeria | Mauritania | Spain
100%
Andorra | Belgium | Brazil | Germany | Italy | Luxembourg | Monaco | Spain | Suriname | Switzerland
100%
Andorra | France | Morocco | Portugal
100%
Angola | Burundi | Central African Republic | Rep. of the Congo | Rwanda | South Sudan | Tanzania | Uganda | Zambia
100%
Argentina | Bolivia | Colombia | France | Guyana | Paraguay | Peru | Suriname | Uruguay | Venezuela
100%
Austria | Belgium | Czech Republic | Denmark | France | Luxembourg | Netherlands | Poland | Switzerland
100%
Austria | France | San Marino | Slovenia | Switzerland | Vatican City
100%
Azerbaijan | Belarus | China | Estonia | Finland | Georgia | Kazakhstan | Latvia | Lithuania | Mongolia | North Korea | Norway | Poland | Ukraine
100%
Belize | Guatemala | United States
100%
Bolivia | Brazil | Chile | Paraguay | Uruguay
100%
Burundi | Dem. Rep. of the Congo | Tanzania | Uganda
100%
Canada | Mexico
100%
China | India
100%
China | India
100%
China | Russia | South Korea
100%
Colombia | Peru
100%
Finland | Norway
100%
Finland | Russia | Sweden
100%
France
100%
Germany
100%
Greece | Kosovo | Montenegro | North Macedonia
100%
Indonesia
100%
Iraq | Israel | Jordan | Lebanon | Turkey
100%
Ireland
100%
Latvia | Russia
100%
North Korea
100%
Saudi Arabia
100%
United States
100%
Italy
95%
Spain
95%
Armenia | Azerbaijan | Russia | Turkey
94%
Belize | El Salvador | Honduras | Mexico
94%
Colombia | Costa Rica
94%
Iran | Jordan | Kuwait | Saudi Arabia | Syria | Turkey
94%
Iraq | Jordan | Kuwait | Oman | Qatar | United Arab Emirates | Yemen
94%
Austria | France | Germany | Italy | Liechtenstein
93%
Bangladesh | Bhutan | China | Myanmar | Nepal | Pakistan
93%
Benin | Cameroon | Chad | Niger
93%
Bosnia and Herzegovina | Bulgaria | Croatia | Hungary | Kosovo | Montenegro | North Macedonia | Romania
93%
Botswana | Eswatini | Lesotho | Mozambique | Namibia | Zimbabwe
93%
Israel | Syria
93%
Afghanistan | Armenia | Azerbaijan | Iraq | Pakistan | Turkey | Turkmenistan
92%
Argentina | Bolivia | Peru
92%
Armenia | Azerbaijan | Bulgaria | Georgia | Greece | Iran | Iraq | Syria
92%
Austria | Croatia | Hungary | Italy
92%
Austria | Germany | Poland | Slovakia
92%
Brazil | Ecuador | Panama | Peru | Venezuela
92%
China | Iran | Pakistan | Tajikistan | Turkmenistan | Uzbekistan
92%
Croatia | Montenegro | Serbia
92%
Czech Republic | Germany | Hungary | Italy | Liechtenstein | Slovenia | Slovakia | Switzerland
92%
France | Spain
92%
Norway | Russia | Sweden
92%
Afghanistan | China | India | Iran
91%
Afghanistan | China | Kyrgyzstan | Uzbekistan
91%
Argentina | Bolivia | Brazil
91%
Bulgaria | Hungary | Moldova | Serbia | Ukraine
91%
Egypt | Jordan | Lebanon | Syria
91%
Italy
91%
Laos | Thailand | Vietnam
91%
Afghanistan | Kazakhstan | Kyrgyzstan | Tajikistan | Turkmenistan
90%
Austria | Czech Republic | Hungary | Poland | Ukraine
90%
Dem. Rep. of the Congo | Kenya | Rwanda | South Sudan | Tanzania
90%
United Kingdom
90%
Benin | Ghana | Ivory Coast | Mali | Niger | Togo
89%
Burkina Faso | Ghana | Guinea | Liberia | Mali
89%
Cambodia | China | Laos
89%
Romania | Ukraine
89%
Austria | Croatia | Romania | Serbia | Slovakia | Slovenia | Ukraine
88%
Belarus | Hungary | Moldova | Poland | Romania | Russia | Slovakia
88%
Cambodia | China | Myanmar | Thailand | Vietnam
88%
Cameroon | Chad | Dem. Rep. of the Congo | Rep. of the Congo | South Sudan | Sudan
88%
China | Russia
88%
Guinea | Ivory Coast | Sierra Leone
88%
Iraq | Saudi Arabia
88%
Saudi Arabia | United Arab Emirates | Yemen
88%
France | Germany | Luxembourg | Netherlands
87%
Albania | Bulgaria | North Macedonia | Turkey
86%
Belgium | Germany
86%
Central African Republic | Dem. Rep. of the Congo | Ethiopia | Kenya | Sudan | Uganda
86%
Libya | Mali | Mauritania | Morocco | Niger | Tunisia
86%
Oman | Saudi Arabia
86%
Austria | Switzerland
85%
Cambodia | Laos | Malaysia | Myanmar
85%
Costa Rica | Honduras
85%
Belarus | Czech Republic | Germany | Lithuania | Russia | Slovakia | Ukraine
84%
Belgium | France | Germany
84%
Algeria | Chad | Egypt | Niger | Sudan | Tunisia
83%
Angola | Cameroon | Central African Republic | Dem. Rep. of the Congo | Gabon
83%
Belarus | Estonia | Lithuania | Russia
83%
Algeria | Benin | Burkina Faso | Chad | Libya | Mali | Nigeria
82%
Algeria | Mali | Morocco | Senegal
82%
Bolivia | Brazil | Chile | Colombia | Ecuador
82%
Bosnia and Herzegovina | Hungary | Montenegro | Serbia | Slovenia
82%
Brazil | France | Guyana
82%
China | Kyrgyzstan | Russia | Turkmenistan | Uzbekistan
82%
Djibouti | Ethiopia | Sudan
82%
Haiti
82%
Brazil | Suriname | Venezuela
80%
Brunei | Indonesia | Thailand
80%
Burkina Faso | Niger | Nigeria | Togo
80%
East Timor | Malaysia | Papua New Guinea
80%
El Salvador | Guatemala | Nicaragua
80%
Ethiopia | Somalia | South Sudan | Tanzania | Uganda
80%
Gambia | Guinea | Guinea-Bissau | Mali | Mauritania
80%
Guinea-Bissau | Ivory Coast | Liberia | Mali | Senegal | Sierra Leone
80%
Latvia | Lithuania | Poland | Russia | Ukraine
80%
Malaysia
80%
Dem. Rep. of the Congo | Rwanda | Tanzania
79%
Dominican Republic
79%
Angola | Botswana | South Africa | Zambia
78%
Armenia | Georgia | Iran | Russia | Turkey
78%
Belarus | Latvia | Poland | Russia
78%
China | Kazakhstan | Tajikistan | Uzbekistan
78%
Algeria | Burkina Faso | Guinea | Ivory Coast | Mauritania | Niger | Senegal
77%
Argentina | Brazil
77%
Burundi | Dem. Rep. of the Congo | Kenya | Malawi | Mozambique | Rwanda | Uganda | Zambia
77%
Central African Republic | Chad | Equatorial Guinea | Gabon | Nigeria | Rep. of the Congo
77%
Guatemala | Honduras
77%
Albania | Bosnia and Herzegovina | Croatia | Kosovo | Serbia
75%
Cameroon | Central African Republic | Libya | Niger | Nigeria | Sudan
75%
Djibouti | Eritrea | Kenya | Somalia | South Sudan | Sudan
75%
Angola | Botswana | Dem. Rep. of the Congo | Malawi | Mozambique | Namibia | Tanzania | Zimbabwe
73%
Brazil | Colombia | Guyana
73%
Greece | North Macedonia | Romania | Serbia | Turkey
73%
India | Myanmar
73%
Namibia | South Africa | Zambia | Zimbabwe
73%
Indonesia
72%
Oman | Saudi Arabia
72%
Azerbaijan | Georgia | Iran | Turkey
71%
Cameroon | Equatorial Guinea | Rep. of the Congo
71%
Guinea | Senegal
70%
Iraq | Israel | Saudi Arabia | Syria
70%
Israel | Libya | Sudan
70%
Mozambique | Tanzania | Zambia
70%
Burkina Faso | Ivory Coast | Togo
69%
Eswatini | Malawi | South Africa | Tanzania | Zambia | Zimbabwe
69%
Guatemala | Mexico
69%
Guinea | Liberia
69%
Nicaragua | Panama
69%
Albania | Montenegro | North Macedonia | Serbia
67%
Argentina | Brazil | Chile | Paraguay | Peru
67%
Benin | Burkina Faso | Ghana
67%
Botswana | Mozambique | South Africa | Zambia
67%
Central African Republic | Chad | Egypt | Eritrea | Ethiopia | Libya | South Sudan
67%
Eritrea | Ethiopia | Somalia
67%
Mozambique | South Africa
67%
Dem. Rep. of the Congo | Namibia | Rep. of the Congo | Zambia
65%
Senegal
65%
South Africa
61%
Afghanistan | Iran | Kazakhstan | Uzbekistan
59%
Djibouti | Ethiopia | Kenya
57%
Cameroon | Gabon
50%

Score Distribution

Percentile by Number Answered

Percent of People with Each Score

Your Score History

You have not taken this quiz since the last reset